Prueba de Nepal - Estadísticas

Estadísticas generales
  • Esta prueba ha sido intentada 940 veces
  • La puntuación promedio es 13 de 20
Estadísticas de respuestas
Pista Respuesta % Correcto
El pico más alto del mundo Monte {Everest}
97%
La cordillera que cubre la mayor parte de Nepal Himalaya
94%
Países que limitan con Nepal India
93%
Países que limitan con Nepal China
92%
Capital Katmandú
91%
La bandera de Nepal es la única bandera nacional del mundo que no es un ... Rectángulo
88%
Tipo de desastre natural que devastó a Nepal en 2015 Terremoto
85%
La religión que más del 80% de la población practica Hinduismo
69%
Líder religioso que nació en el sur de Nepal cerca del 480 A.C. Buda
67%
Se dice que esta mítica criatura habita en las montañas nepalesas Yeti
67%
El deporte más popular Críquet
66%
El grupo étnico que son excelentes escaladores de montaña Sherpa
60%
Moneda de Nepal {Rupia} nepalí
55%
Un animal peludo parecido al ganado cuya leche se convierte a queso Yak
50%
Famoso gran macizo en el centro de Nepal y el décimo pico más alto del mundo Anna{purna}
49%
El partido político más grande Partido Comunista de Nepal
39%
Las primeras personas en escalar ese pico Edmund Hillary
31%
Esta fue abolida en 2008 después de las elecciones a la Asamblea Constituyente Monarquia
30%
Las primeras personas en escalar ese pico Tenzing Norgay
18%
Término para un soldado nepalés que reclutó para el ejército británico Gurkha
17%
No se encontraron pruebas coincidentes
Distribución de puntuación
Porcentaje de gente con cada puntuación
Porcentaje por número respondido
Historial de tus puntuaciones
No has intentado esta prueba.